| 000 | 00577nam a2200241Ia 4500 | ||
|---|---|---|---|
| 008 | 190123s9999 xx 000 0 und d | ||
| 020 | _a9780531231074 | ||
| 050 | _bA473 2010 | ||
| 100 | _aAlvarez, Carlos | ||
| 245 | 0 | _aAH-1W super cobras / | |
| 245 | 0 | _cby Carlos Alvarez. | |
| 260 | _aNew York, New York : | ||
| 260 | _bScholastic, | ||
| 260 | _c2010 | ||
| 300 | _a24 pages : | ||
| 300 | _bcolored illustrations ; | ||
| 300 | _c23cm. | ||
| 440 | _aTorque. | ||
| 500 | _a710L | ||
| 650 | _aHueyCobra (Helicopter). | ||
| 700 | _aSeries. | ||
| 700 | _aTitle. | ||
| 999 |
_c361171 _d361171 |
||